Algebra y trigonometría con geometría analítica

Bibliographic Details
Main Author: Swokowski, Earl W
Format: Section = Libro
Language:Undetermined
Spanish
Published: México Iberoamérica 1988
Edition:2a.ed.
Subjects:
LEADER 00548nam a2200205Ia 4500
008 240829s9999 xx 000 0 und d
020 |a 968-7270-41-1 
040 |a BIBLIOTECA-RUSB/ 512.14 S979 
041 |a spa 
082 |a 512.14 S979 
100 1 |a Swokowski, Earl W 
245 1 0 |a Algebra y trigonometría con geometría analítica 
250 |a 2a.ed. 
260 |a México  |b Iberoamérica  |c 1988 
300 |a 644 p. :il. 
650 7 |a ALGEBRA Y GEOMETRIA ANALITICA 
650 7 |b  TRIGONOMETRIA 
942 |c BK  |2 ddc 
991 |a TEXTO 
999 |c 1451